Größte Städte in Rheinland-Pfalz nach Buchstabe - Statistiken

Allgemein
  • Dieses Quiz wurde 88 mal gespielt
  • Das Durchschnittsergebnis liegt bei 12 aus 24
Antwortstatistiken
Hint Antwort % Korrekt
M Mainz
94%
K Koblenz
93%
T Trier
93%
L Ludwigshafen am Rhein
86%
S Speyer
75%
W Worms
75%
P Pirmasens
72%
B Bad Kreuznach
70%
Z Zweibrücken
70%
C Cochem
65%
N Neuwied
65%
I Ingelheim am Rhein
58%
F Frankenthal
57%
A Andernach
49%
G Germersheim
49%
R Remagen
29%
D Diez
22%
V Vallendar
22%
E Eisenberg
17%
H Haßloch
16%
O Osthofen
14%
U Unkel
10%
J Jockgrim
9%
Q Queidersbach
3%
Keine übereinstimmenden Quizze gefunden
Verteilung der Resultate
Anzahl Personen mit jedem Resultat
Perzentil nach korrekt beantworteten Fragen
Ihre Resultats-Entwicklung
Sie haben dieses Quiz noch nicht gespielt